00946nam a2200169 a 450000100080000000500110000800800410001910000210006024500810008126000370016230000140019952004810021365300250069465300180071965300190073765300200075611193692013-10-22 2011 bl uuuu u0uu1 u #d1 aMULLER, J. J. V. aLevantamento socioambiental do invent??rio florestal.h[electronic resource] aFlorian??polis, SC: Epagric2011 a32 p. il. aS??o apresentados os dados do levantamento socioambiental do invent??rio florestal de Santa Catarina, como faixa et??ria e renda dos entrevistados, meios de acesso a informa????es ambientais, esp??cies mais citadas e utilizadas pelos moradores (aliment??cias, medicinais, ornamentais, madeir??veis e mel??feras), percep????es dos moradores em rela????o as matas, org??os fiscalizadores, e esp??cies segundo os especialistas com tend??ncia a reduzir suas popula????es e causas. aInventario florestal aMeio ambiente aSocioambiental aSocioecon??mico